• 首页
  • 本馆介绍
  • 公告通知
  • 最新文献
  • 馆藏检索
  • 电子资源
  • 读者导购
  • 参考咨询
  • 我的图书馆
  • 登录
  • 详细信息显示
  • 放入我的书架
  • 预约/预借图书
  • 作者相关作品
  • 分类相关作品
  • 丛书相关作品
  • 出版社相关作品

书目信息

  • 表格格式
  • 工作单格式
  • 卡片格式
题名:
唐代家庭与社会
    
 
作者: 张国刚 著
分册:  
出版信息: 北京   中华书局  2014
页数: 371页
开本: 24cm
丛书名:
单 册:
中图分类: D691.91
科图分类:
主题词: 家庭问题--研究--中国--唐代
电子资源:
ISBN: 978-7-101-10132-4
000 00938nam0 2200253 450
001 340109
005 20150605085921.37
010    @a978-7-101-10132-4@dCNY88.00
100    @a20141029d2014 em y0chiy50 ea
101 0  @achi
102    @aCN@b110000
105    @aa z 000yy
106    @ar
200 1  @a唐代家庭与社会@Atang dai jia ting yu she hui@d= The family and society in Tang@f张国刚著@zeng
210    @a北京@c中华书局@d2014
215    @a371页@c彩图@d24cm
300    @a国家社科基金后期资助项目
330    @a本书以实证的态度对唐代家庭形态、婚姻状况、家产析分、生计家居等重要问题进行了探讨, 对夫妻及父母子女间的关系、妇女生活的诸多方面进行了考察, 对世俗信仰、家庭伦理、礼法婚聘等社会现象进行了概括。
510 1  @aFamily and society in Tang@zeng
606 0  @a家庭问题@x研究@y中国@z唐代
690    @aD691.91@v5
701  0 @a张国刚@Azhang guo gang@f(1956)@4著
801  0 @aCN@b卓展宏图@c20150525
905    @dD691.91@e203@f5
    
    唐代家庭与社会= The family and society in Tang/张国刚著.-北京:中华书局,2014
    371页:彩图;24cm
    国家社科基金后期资助项目
    
    ISBN 978-7-101-10132-4:CNY88.00
    本书以实证的态度对唐代家庭形态、婚姻状况、家产析分、生计家居等重要问题进行了探讨, 对夫妻及父母子女间的关系、妇女生活的诸多方面进行了考察, 对世俗信仰、家庭伦理、礼法婚聘等社会现象进行了概括。
●
相关链接 在E读中查询图书 在五车中查询图书 在当当中查询图书 在豆瓣中查询图书


正题名:唐代家庭与社会     索取号:D691.91/203         预约/预借

序号 登录号 条形码 馆藏地/架位号 状态 备注
1 855852   208558522   第一样本阅览室/ [索取号:D691.91/203] 在馆    
2 855853   208558531   史法系资料室/ [索取号:D691.91/203] 在馆    
3 855854   208558540   第一借阅区/ [索取号:D691.91/203] 在馆    
4 855855   208558559   第一借阅区/ [索取号:D691.91/203] 在馆    
5 855856   208558568   第一借阅区/ [索取号:D691.91/203] 在馆    
唐山师范学院图书馆 欢迎您!
大连网信软件有限公司© 版权所有